[Event "Blindenschachbund-Sachsen 2"]
[Site "?"]
[Date "2015.09.07"]
[Round "2.1"]
[White "Brauer, Christian"]
[Black "Riegler, Dieter"]
[Result "1/2-1/2"]
[WhiteElo "2106"]
[BlackElo "2096"]
[PlyCount "38"]
[EventDate "2015.??.??"]
[WhiteTeam "Sachsen 2"]
[BlackTeam "Blindenschachbund"]

1. c4 g6 2. g3 Bg7 3. Bg2 c5 4. Nc3 Nc6 5. e4 d6 6. Nge2 e6 7. O-O Nge7 8. a3
O-O 9. Rb1 a5 10. d3 Bd7 11. Bd2 Nd4 12. Nxd4 cxd4 13. Ne2 Qc7 14. b3 Rab8 15.
a4 b6 16. Nf4 Nc6 17. h4 Ne5 18. Qe2 Bc6 19. h5 Rbe8 1/2-1/2

[Event "Blindenschachbund-Sachsen 2"]
[Site "?"]
[Date "2015.09.07"]
[Round "2.2"]
[White "Dobierzin, Olaf"]
[Black "Eskandary, Jahya"]
[Result "1/2-1/2"]
[WhiteElo "1998"]
[BlackElo "2073"]
[PlyCount "34"]
[EventDate "2015.??.??"]
[WhiteTeam "Blindenschachbund"]
[BlackTeam "Sachsen 2"]

1. e4 e5 2. Nf3 Nc6 3. Bb5 a6 4. Ba4 d6 5. O-O Bg4 6. h3 h5 7. Bxc6+ bxc6 8. d3
Qf6 9. Be3 Bxf3 10. Qxf3 Qxf3 11. gxf3 Ne7 12. f4 exf4 13. Bxf4 Rb8 14. b3 g5
15. Bd2 Bg7 16. Bc3 Bxc3 17. Nxc3 Ng6 1/2-1/2

[Event "Blindenschachbund-Sachsen 2"]
[Site "?"]
[Date "2015.09.07"]
[Round "2.3"]
[White "Petzold, Hans"]
[Black "Jagdhuber, Hans"]
[Result "0-1"]
[WhiteElo "2066"]
[BlackElo "2016"]
[PlyCount "88"]
[EventDate "2015.??.??"]
[WhiteTeam "Sachsen 2"]
[BlackTeam "Blindenschachbund"]

1. e4 g6 2. d4 c6 3. Nf3 d5 4. e5 Bg4 5. Nbd2 Bg7 6. h3 Bxf3 7. Nxf3 e6 8. c3
Nd7 9. Bd3 Ne7 10. Qe2 Qc7 11. O-O O-O 12. Bg5 Rfe8 13. b4 h6 14. Bd2 a5 15.
Rfc1 b5 16. Be3 Nb6 17. Qd2 Kh7 18. Bf4 Nc4 19. Qc2 Na3 20. Qe2 a4 21. g4 Nc4
22. a3 Rh8 23. h4 Kg8 24. Bg3 h5 25. Ng5 Bh6 26. Bf4 Bg7 27. Kg2 hxg4 28. Qxg4
Nf5 29. Rh1 Rh5 30. Nf3 Bf8 31. Rh3 Be7 32. Bg5 Kg7 33. Qf4 Rah8 34. Bf6+ Kg8
35. Bxh8 Kxh8 36. Ng5 Kg7 37. Kf3 Bxg5 38. Qg4 Rxh4 39. Rxh4 Nxh4+ 40. Ke2 Qd8
41. f4 Be7 42. Qh3 Qh8 43. Qg3 Qh5+ 44. Kf2 Nf5 0-1

[Event "Blindenschachbund-Sachsen 2"]
[Site "?"]
[Date "2015.09.07"]
[Round "2.4"]
[White "Mueller, Manfred"]
[Black "Westphal, Norbert"]
[Result "1/2-1/2"]
[WhiteElo "1967"]
[BlackElo "1969"]
[PlyCount "87"]
[EventDate "2015.??.??"]

1. e4 Nf6 2. e5 Nd5 3. d4 d6 4. Nf3 dxe5 5. Nxe5 c6 6. Bc4 Nd7 7. Nc3 e6 8. Nxd7
Nxc3 9. bxc3 Bxd7 10. O-O Qa5 11. Qf3 Bd6 12. Re1 O-O 13. Bd2 Qc7 14. h3 b5 15.
Bd3 c5 16. Qh5 f5 17. dxc5 Bxc5 18. Qe2 a6 19. Rab1 Rab8 20. c4 b4 21. Be3 a5
22. Bxc5 Qxc5 23. Qe5 Rfc8 24. Re3 Kf7 25. Rbe1 g6 26. Qf4 Qf8 27. g4 Rc5 28.
gxf5 gxf5 29. Rg3 Re8 30. Qh4 Qh8 31. Be2 Re7 32. Bh5+ Kf8 33. Bg6 Be8 34. Qh6+
Qg7 35. Qe3 Qc3 36. Qh6+ Qg7 37. Qxg7+ Rxg7 38. Bxe8 Rxg3+ 39. fxg3 Kxe8 40.
Rxe6+ Kf7 41. Ra6 Rxc4 42. Rxa5 Kg6 43. Ra4 Rxc2 44. Rxb4 1/2-1/2